000 00387nam a22001697a 4500
003 MPLRDC
005 20220104143952.0
008 210129b ||||| |||| 00| 0 eng d
082 _a857.623 ZY-10 v.2
100 _a张宇
245 _a接生
_c
260 _a
_b博益
_c
300 _b
490 _a幻境迷离之二
650 _a灵异小说
942 _cBK
_o857.623 ZY-10 v.2
999 _c45117
_d45107